[Event "72nd RUS-ch Superfinal 2019"]
[Site "Izhevsk"]
[Date "2019.08.17"]
[Round "7.6"]
[White "Fedoseev, Vladimir"]
[Black "Matlakov, Maxim"]
[Result "1/2-1/2"]
[WhiteElo "2681"]
[BlackElo "2701"]
[Annotator "TA"]
[PlyCount "89"]
[EventDate "2019.08.10"]
[EventType "tourn"]
[EventCountry "RUS"]
[SourceTitle "playchess.com"]
[Source "ChessBase"]
[SourceQuality "1"]

{[%evp 12,89,12,9,17,7,10,21,10,-2,14,-10,-16,-19,0,12,12,16,13,0,11,0,37,42,50,0,31,26,17,9,31,27,26,39,31,25,32,30,25,27,31,0,0,0,0,-10,-11,-8,-8,-12,0,0,2,2,2,2,29,29,29,29,29,29,29,29,30,30,30,30,45,45,45,37,52,52,52,52,52,52,52,0]} 1. e4 c5 2. Nf3 d6 3. d4 cxd4 4. Nxd4 Nf6 5. Nc3 a6 6. h3 e5 7. Nde2 h5 {B90: Sicilian Najdorf: Unusual White 6th moves, 6 Be3 Ng4 and 6 Be3 e5} 8. g3 (8. Nd5 Nxd5 9. Qxd5 Nc6 10. Qd1 Be6 11. Nc3 Rc8 12. Be3 Ne7 13. Be2 d5 14. exd5 Nxd5 15. Nxd5 Qxd5 {½-½ (26) Wang,H (2730)-Giri,A (2783) St Petersburg 2018}) 8... Be6 9. Bg2 b5 {[%cal Bb7b5,Bb5b4][%mdl 32] The position is equal.} 10. Bd2 Be7 11. a4 $146 ({Predecessor:} 11. Nc1 Nbd7 12. Nd3 Nc5 13. Nxc5 dxc5 14. Qf3 O-O 15. Bg5 {½-½ (31) Nefedov,S (2550)-Shetko,L (2410) ICCF email 2016}) 11... b4 12. Nd5 Bxd5 13. exd5 a5 $1 14. c3 Na6 15. O-O O-O 16. cxb4 axb4 17. Nc1 h4 18. Kh2 Nd7 19. Nd3 Rb8 20. Rc1 Ndc5 21. Nxc5 $1 Nxc5 22. Rc4 b3 23. Be3 Qd7 24. Bxc5 ({Much worse is} 24. gxh4 Nxa4 25. Qe2 Qb5 $15) 24... dxc5 25. d6 Bf6 26. Rxc5 Qxa4 27. Qe2 Rbc8 28. Rc7 Rxc7 29. dxc7 Rc8 30. Rc1 {[#] aiming for Bb7.} Qd7 31. Qc4 {And now Bb7 would win.} hxg3+ 32. fxg3 {Threatens to win with Bb7.} e4 $1 $132 {[%mdl 2048] Black is fighting back} 33. Qxb3 Rxc7 (33... g6 {with more complications.} 34. Rc2 Kh7 35. Bxe4 Rxc7 36. Rxc7 Qxc7 37. Qc2 Qe5) 34. Qb8+ Bd8 35. Rxc7 Qxc7 36. Qxc7 Bxc7 37. Bxe4 $11 {[%mdl 4096] Endgame KB-KB} Bd6 38. Kg2 g6 39. g4 g5 40. Kf3 {White is slightly better.} Kf8 41. Bf5 Ke7 42. Ke4 f6 43. Kd5 Bb4 $1 44. Kc4 Be1 45. Kd5 {Accuracy: White = 65%, Black = 77%.} ({White should try} 45. Kc5 $14) 1/2-1/2

[Event "72nd RUS-ch Superfinal 2019"]
[Site "Izhevsk"]
[Date "2019.08.19"]
[Round "8.1"]
[White "Inarkiev, Ernesto"]
[Black "Matlakov, Maxim"]
[Result "1/2-1/2"]
[WhiteElo "2693"]
[BlackElo "2701"]
[Annotator "TA"]
[PlyCount "99"]
[EventDate "2019.08.10"]
[EventType "tourn"]
[EventCountry "RUS"]
[SourceTitle "playchess.com"]
[Source "ChessBase"]
[SourceQuality "1"]

{[%evp 9,99,17,21,11,24,15,32,15,21,20,34,2,11,0,0,0,0,0,7,7,20,11,11,16,10,13,10,4,17,-13,22,14,8,-54,-70,-46,0,-61,-49,-47,-45,-52,-52,-52,-37,-100,0,0,0,0,0,-25,-22,-29,0,0,0,0,14,0,0,0,0,-7,0,0,0,0,14,22,17,10,20,18,30,34,80,60,83,0,0,0,0,0,0,0,0,0,0,0,0,0]} 1. e4 e5 2. Nf3 Nc6 3. Bc4 Bc5 4. c3 ({Predecessor:} 4. O-O Nf6 5. d3 a6 6. a4 d6 7. h3 Ba7 8. c3 O-O 9. Nbd2 Kh8 {½-½ (79) Atabayev,Y (2411)-Makhnev,D (2449) Batumi 2018}) 4... Nf6 5. d3 d6 6. a4 $146 {Hoping for b4. C54: Giuoco Piano: 4 c3 Nf6, main lines with 5 d4 and 5 d3} (6. O-O O-O 7. Re1 a5 8. h3 h6 9. Nbd2 Be6 10. Bb5 Qb8 11. Bxc6 bxc6 12. d4 exd4 13. cxd4 Bb4 14. a3 Bxd2 15. Nxd2 {½-½ (43) Giri,A (2797)-Ding,L (2809) Shenzhen 2019}) 6... a6 7. O-O Ba7 8. Re1 {White is slightly better.} O-O 9. h3 Kh8 10. Nbd2 Ng8 11. Nf1 f5 12. exf5 Bxf5 13. Be3 Bxe3 14. Nxe3 {Black should prevent Bxg8.} Bg6 15. d4 e4 16. Nd2 Nce7 17. Qb3 Rb8 18. Be6 Nf6 19. c4 c6 20. a5 d5 21. Qb4 (21. Qb6 $11) 21... Nh5 $1 $15 22. g3 Nf5 23. cxd5 (23. Bxf5 $11 Bxf5 24. cxd5 cxd5 25. Qc5) 23... Nxe3 24. Rxe3 cxd5 {[#] White must now prevent ...Qf6.} 25. Rf1 b6 26. Rb3 {[%cal Ra5b6]} b5 27. f4 (27. Kh2 $15) 27... exf3 ({Black should try} 27... Bf5 $17 28. Bxf5 Rxf5) 28. Rbxf3 $11 Nf6 29. Nb3 Re8 30. Bf5 Bxf5 31. Rxf5 Re3 32. R5f3 Rxf3 33. Rxf3 Qd7 34. Kg2 Re8 35. Qd2 Ne4 36. Qf4 {[#] Intending Qf8+! and mate.} h6 37. Nc5 Nxc5 38. dxc5 {[%mdl 4096] Endgame KQR-KQR} d4 39. Qd6 Qxd6 40. cxd6 {next Rd3 is good for White. KR-KR} Rd8 41. Rd3 Rxd6 42. Kf3 Kg8 43. Ke4 Kf7 44. h4 (44. Rxd4 $16 Re6+ 45. Kd5) 44... Ke6 {The position is equal.} 45. Rxd4 Rc6 $1 46. Kd3 Ke5 47. Re4+ Kd5 48. Rd4+ Ke5 49. Re4+ Kd5 50. Rd4+ {Accuracy: White = 49%, Black = 64%.} 1/2-1/2

[Event "72nd RUS-ch Superfinal 2019"]
[Site "Izhevsk"]
[Date "2019.08.19"]
[Round "8.2"]
[White "Artemiev, Vladislav"]
[Black "Fedoseev, Vladimir"]
[Result "1-0"]
[WhiteElo "2761"]
[BlackElo "2681"]
[Annotator "TA"]
[PlyCount "71"]
[EventDate "2019.08.10"]
[EventType "tourn"]
[EventCountry "RUS"]
[SourceTitle "playchess.com"]
[Source "ChessBase"]
[SourceQuality "1"]

{[%evp 18,70,36,33,29,30,30,24,35,40,49,34,52,37,27,37,33,34,38,51,48,44,60,54,48,49,99,110,98,111,97,86,351,336,302,36,195,199,263,254,511,212,212,212,212,212,212,212,5289,4810,29976,91,29985,29986,29999]} 1. c4 Nf6 2. Nf3 c5 3. Nc3 d5 4. cxd5 Nxd5 5. e3 Nxc3 6. bxc3 g6 7. Bb5+ Bd7 8. Be2 Bg7 9. d4 O-O 10. O-O Qc7 {A34: Symmetrical English: 2 Nc3, lines with ...d5} 11. e4 $146 ({Predecessor:} 11. Ba3 b6 12. Rc1 Nc6 13. dxc5 Rfd8 14. Qb3 Na5 15. cxb6 axb6 16. Qb2 Be6 17. Nd4 Nc4 18. Nxe6 Nxb2 19. Nxc7 Rxa3 {1-0 (35) Malakhov,V (2695)-Zhou,J (2612) China 2016}) 11... Bg4 12. Bg5 Rd8 {White has an edge.} 13. Rc1 Nc6 {[%cal Bb8c6,Bc6a5,Ba5b7,Bb7c5,Bc5d3][%mdl 32]} 14. d5 Na5 15. Nd2 (15. Qd3 {looks sharper.} f6 16. Bd2 b6 17. c4 Nb7 18. Rfe1) 15... Bxe2 16. Qxe2 c4 17. Nf3 b5 18. Rfd1 Re8 19. e5 Nb7 20. Rb1 a6 21. a4 Nc5 22. axb5 axb5 23. Rxb5 Nd3 24. e6 Bxc3 $2 {[%mdl 8192]} (24... f5 $16) 25. exf7+ $18 Kxf7 26. Qe4 $2 (26. Qe6+ $18 Kg7 27. Bh6+ $1 {[%mdl 512]} (27. d6 exd6 28. Qd5 Nb4 $17) 27... Kh8 28. Qf7 $1 {[%mdl 512]}) 26... Qc8 $2 (26... Qd7 $14 27. Rb6 (27. Qxc4 Nb2 $16) 27... Rac8) 27. h4 Ra6 {[#]} ({Don't play} 27... Kg8 28. Bxe7 Qd7 29. Qxc4) (27... Bf6 {was called for.} 28. h5 Qf5 29. Qxc4 Nb2 30. Rxb2 Bxb2) 28. Rdb1 $1 {And now Rb7 would win.} Bf6 $2 (28... Bg7 {is a better defense.} 29. Rb7 Bf8) 29. Rb6 (29. Bxf6 $142 Nxf2 30. Kxf2 Rxf6 31. Rc1) 29... Rxb6 30. Rxb6 Qf5 31. Qxc4 Ne5 32. Nxe5+ Qxe5 $2 (32... Bxe5 33. d6+ Qe6 34. Qxe6+ Kxe6) 33. Bxf6 exf6 34. Rb7+ $2 (34. d6+ {mates} Kg7 35. Rb7+ Kh6 36. Qc7 Rh8 37. Qg7+ {[%mdl 64] Double Attack} Kh5 38. Qxh8 Qe1+ {[#]} 39. Kh2 $1 {[%mdl 512]} Qe5+ 40. g3) 34... Kf8 $2 {[%mdl 8192]} (34... Re7 $16 35. d6+ {[%mdl 64] Pin} Kf8 36. dxe7+ Qxe7 37. Rxe7 Kxe7 38. Qc7+ Ke6 39. Qxh7 g5) 35. d6 Qxd6 36. Qf7# {Accuracy: White = 50%, Black = 34%.} 1-0

[Event "72nd RUS-ch Superfinal 2019"]
[Site "Izhevsk"]
[Date "2019.08.19"]
[Round "8.3"]
[White "Motylev, Alexander"]
[Black "Tomashevsky, Evgeny"]
[Result "1/2-1/2"]
[WhiteElo "2654"]
[BlackElo "2702"]
[Annotator "TA"]
[PlyCount "142"]
[EventDate "2019.08.10"]
[EventType "tourn"]
[EventCountry "RUS"]
[SourceTitle "playchess.com"]
[Source "ChessBase"]
[SourceQuality "1"]

{[%evp 16,142,2,7,6,12,19,12,18,11,17,14,17,19,12,14,31,19,13,-9,16,11,23,12,0,0,0,0,0,8,26,29,24,21,54,43,30,56,118,124,112,74,102,105,97,92,125,118,125,123,120,129,169,172,172,172,172,145,146,143,152,107,127,116,113,111,126,68,68,58,64,57,74,74,74,73,95,57,57,57,59,66,59,64,64,28,35,18,18,18,41,18,18,18,18,18,18,18,66,66,74,77,84,15,15,15,15,15,15,15,15,15,15,15,15,2,2,2,2,0,2,0,13,0,12,12,12,0,9]} 1. e4 e5 2. Nf3 Nc6 3. Bb5 a6 4. Ba4 Nf6 5. O-O Be7 6. d3 b5 7. Bb3 d6 8. a3 O-O 9. Nc3 Na5 {C77: Ruy Lopez: 3...a6 4 Ba4 Nf6, unusual lines} (9... Bg4 10. Be3 Nd4 11. Bxd4 exd4 12. Nd5 Nd7 13. h3 Bxf3 14. Qxf3 c6 15. Nf4 Nc5 16. Ba2 a5 17. Qg4 Kh8 18. Ne2 {1-0 (48) Caruana,F (2828)-Postny,E (2623) chess.com INT 2019}) 10. Ba2 Be6 11. b4 Bxa2 12. Rxa2 Nc6 13. Bg5 Qd7 14. Bxf6 Bxf6 15. Nd5 Bd8 16. c4 Nd4 $146 ({Predecessor:} 16... Ne7 17. d4 exd4 18. Nxd4 bxc4 {½-½ (45) Anurag,M (2495)-Erenberg,A (2407) Douglas 2018}) 17. Ne3 Nxf3+ 18. Qxf3 Bg5 19. Nd5 Rfb8 20. Qg3 Qd8 21. cxb5 axb5 22. Rc2 $36 {[%mdl 2048] White has the initiative.} Rc8 23. Rc6 $1 Rxa3 24. Qg4 Rxd3 25. g3 $1 Ra8 26. h4 Rxd5 (26... Bd2 $1 $14) 27. exd5 $16 Bd2 28. Rd1 h5 29. Qe4 $1 Bh6 30. Qe2 g6 31. Qxb5 e4 32. Qe2 e3 33. f4 Qe7 34. Rc3 Re8 35. Rdd3 {[%cal Rd3e3]} Bg7 36. Rc4 $1 (36. Qxe3 Qd7 $15) 36... Bf6 37. Kg2 Kg7 38. Kf3 {[%cal Rd3e3]} Qd7 {( -> ...Qg4+)} 39. Rxe3 Ra8 {[#] aiming for ...Qh3.} 40. Kg2 $1 Qb5 41. Rc2 (41. Rxc7 $16 Qxd5+ 42. Kh2) 41... Qxb4 $14 42. Qc4 Qb1 43. Rb3 ({Wrong is} 43. Qxc7 $2 Ra1 $19) 43... Qa1 44. Rf3 ({Reject} 44. Qxc7 Qd1 $11) 44... Ra4 45. Qf1 ({Don't play} 45. Qxc7 Qd1 $11) 45... Ra2 46. Rff2 (46. Qe2 {keeps more tension.} Ra7 47. f5 Qe5 48. Qc4 Qd4 49. fxg6 Kxg6 50. Rf4) 46... Qxf1+ $1 47. Kxf1 {[%mdl 4096] Endgame KRR-KRB} Ra1+ 48. Kg2 Bd4 49. Rf1 Ra7 $1 50. Rd2 Ra4 51. f5 {Hoping for Rf4.} Be5 52. Rf3 Rc4 53. Ra2 {White wants to play f6+!} f6 54. fxg6 Kxg6 55. Kh3 Rc5 56. Rd3 Rc4 57. Ra6 Kf5 58. Rc6 Rc5 {[#]} 59. Rxc5 (59. Rd1 $1 $16) 59... dxc5 $16 {KR-KB. The position is equal.} 60. Re3 c4 61. Kg2 c3 {White must now prevent ...c2.} 62. Re2 Bd4 63. Kf3 Be5 64. Re1 Bd6 65. Re3 Be5 {Threatens to win with ...c2.} 66. Re2 Bd6 67. Re3 Be5 {And now ...c2 would win.} 68. Re1 Bd6 69. Re2 Be5 70. Ra2 Bd4 71. Re2 {With the idea Re6.} Be5 {Accuracy: White = 65%, Black = 75%.} 1/2-1/2

[Event "72nd RUS-ch Superfinal 2019"]
[Site "Izhevsk"]
[Date "2019.08.19"]
[Round "8.4"]
[White "Predke, Alexandr"]
[Black "Vitiugov, Nikita"]
[Result "0-1"]
[WhiteElo "2632"]
[BlackElo "2727"]
[Annotator "TA"]
[PlyCount "82"]
[EventDate "2019.08.10"]
[EventType "tourn"]
[EventCountry "RUS"]
[SourceTitle "playchess.com"]
[Source "ChessBase"]
[SourceQuality "1"]

{[%evp 12,82,23,22,15,20,21,21,26,0,6,0,14,-27,47,-6,20,17,24,20,17,14,25,25,43,22,132,5,0,0,0,0,0,0,0,0,0,0,14,-61,-62,-71,-44,-39,-62,-37,0,-100,-94,-99,-76,-55,-85,-172,-157,-190,-169,-309,-304,-259,-273,-454,-454,-450,-439,-427,-412,-29947,-29952,-4928,-4914,-5916,-5916]} 1. d4 Nf6 2. c4 e6 3. Nc3 Bb4 4. Qc2 d5 5. cxd5 exd5 6. Bg5 h6 7. Bh4 Nc6 {E35: Nimzo-Indian: Classical: 4...d5 5 cxd5 exd5} 8. e3 g5 9. Bg3 h5 {The position is equal.} 10. h4 (10. Bb5 h4 11. Be5 Rh6 12. h3 Ne4 13. Nge2 Bf5 14. Qb3 Bxc3+ 15. Nxc3 Nxc3 16. bxc3 {0-1 (58) Sjugirov,S (2663)-Yu,Y (2764) St Petersburg 2018}) 10... Ne4 11. Bh2 Qe7 $146 ({Predecessor:} 11... Bf5 12. Bd3 gxh4 13. Nge2 Nxc3 14. Bxf5 Ne4+ 15. Nc3 {1-0 (45) Vo,T (2376)-Tomilova,E (2334) Mumbai 2018}) 12. a3 {[#]} Ba5 (12... Nxd4 $1 $11 {[%mdl 512]} 13. Qd3 (13. exd4 Nxc3+) 13... Bxc3+ 14. bxc3 Ne6 15. hxg5 c6) 13. Nf3 (13. Nge2 $14) 13... g4 14. Nd2 {[%cal Rd2e4]} Nxc3 15. bxc3 Qxh4 16. Bb5 Bd7 17. O-O a6 18. Bd3 {[#] White wants to play c4.} Be6 (18... g3 $1 $11 {[%mdl 512] keeps the balance.} 19. fxg3 (19. Bxg3 Qg4 $11) 19... Qg5) 19. Nb3 (19. c4 $1 $16) 19... Bb6 $11 20. c4 dxc4 21. Bxc4 Bxc4 22. Qxc4 Qe7 23. d5 Ne5 24. Qa4+ Kf8 25. d6 (25. Rfd1 $11) 25... cxd6 $15 26. Qb4 Ba7 (26... Bc5 $5 27. Qe4 Re8 $15) 27. Rad1 Rh6 28. Rd5 Rc8 29. Rfd1 {[#]} (29. Nd4 $1 $11 {remains equal.} Rf6 30. Qb1) 29... Rc4 $1 $17 {[%cal Rc4b4]} 30. Qd2 Rg6 31. Bxe5 dxe5 32. Rd7 {[#]} (32. Qd3 $17 Rc7 33. Qf5) 32... Qe6 $1 $19 33. Rxb7 Bb6 34. Qd7 (34. Rf1 $142) 34... g3 35. Qxe6 Rxe6 36. Rdd7 $2 (36. Nd2 Rc2 37. Rd7) 36... Rf6 ({Not} 36... gxf2+ 37. Kxf2 Rf6+ 38. Ke2 $19) 37. fxg3 Bxe3+ 38. Kh2 h4 {Strongly threatening ...hxg3+.} 39. Nd2 (39. Rb4 $19 hxg3+ 40. Kh3 Rh6+ 41. Kxg3) 39... hxg3+ 40. Kh3 Rcf4 {( -> ...Rh6+)} 41. Nf3 Bf2 {Accuracy: White = 39%, Black = 59%.} 0-1

[Event "72nd RUS-ch Superfinal 2019"]
[Site "Izhevsk"]
[Date "2019.08.19"]
[Round "8.5"]
[White "Jakovenko, Dmitry"]
[Black "Dreev, Aleksey"]
[Result "1/2-1/2"]
[WhiteElo "2711"]
[BlackElo "2655"]
[Annotator "TA"]
[PlyCount "91"]
[EventDate "2019.08.10"]
[EventType "tourn"]
[EventCountry "RUS"]
[SourceTitle "playchess.com"]
[Source "ChessBase"]
[SourceQuality "1"]

{[%evp 9,91,0,16,8,16,12,59,47,42,30,42,34,52,59,54,64,50,52,49,45,45,43,45,31,28,33,45,39,25,23,23,24,17,9,12,0,0,-14,-7,-35,2,2,4,0,0,0,3,3,3,3,3,3,4,0,7,7,7,7,31,31,38,39,47,47,47,47,47,47,47,47,47,47,48,48,48,48,48,48,54,54,54,55,55,55]} 1. c4 c6 2. Nf3 d5 3. g3 dxc4 4. Bg2 Bf5 5. O-O Nd7 (5... e6 6. a4 Nd7 7. a5 Be4 8. Nc3 Bxf3 9. Bxf3 a6 10. b3 cxb3 11. Qxb3 Qc7 12. d4 {½-½ (44) Artemiev,V (2709)-Vitiugov,N (2719) St Petersburg 2018}) 6. Na3 {[%cal Bb1a3,Ba3c4,Bc4e3][%mdl 32] A11: English Opening: 1...c6} Nb6 $1 7. Ne5 g6 $146 ({Predecessor:} 7... Qd4 8. Nxc6 bxc6 9. Bxc6+ Bd7 10. Bxa8 Nxa8 11. d3 cxd3 12. Qb3 {1-0 (57) De Schampheleire,G (2270)-Colpe,M (2367) Dortmund 2015}) 8. Naxc4 Bg7 9. a4 {[%cal Ba2a4,Ba4a5][%mdl 32]} Nf6 10. Ne3 Be4 11. f3 Bd5 12. a5 Nbd7 13. d4 O-O 14. Nxd5 Nxd5 15. f4 e6 16. Qb3 Nxe5 17. dxe5 Qe7 18. Bd2 Rfd8 19. Rfc1 Bf8 20. Be1 Rac8 21. Ra4 c5 22. Rac4 Qd7 23. Rd1 {[#] e4 is the strong threat.} Qc6 24. Qa4 Qxa4 25. Rxa4 Ne3 26. Rxd8 Rxd8 27. Bf3 b5 28. axb6 $1 axb6 29. Ra8 Rxa8 30. Bxa8 $11 {[%mdl 4096] Endgame KBB-KBN} c4 31. Bc6 Bc5 32. Bc3 Kg7 33. Bb5 h6 34. Kf2 {White is slightly better.} Nd1+ {[%mdl 64] [#] Discovered Attack (Double check)} 35. Kf3 Nxc3 36. bxc3 $14 {KB-KB} Ba3 37. Ke4 Bb2 38. Kd4 Ba3 39. Bxc4 Bc5+ 40. Ke4 Bg1 41. Kf3 Bc5 42. g4 Kf8 43. h3 g5 44. f5 Ke7 45. Ke4 Bf2 46. Bb5 {Accuracy: White = 75%, Black = 72%.} 1/2-1/2

[Event "72nd RUS-ch Superfinal 2019"]
[Site "Izhevsk"]
[Date "2019.08.19"]
[Round "8.6"]
[White "Alekseenko, Kirill"]
[Black "Sarana, Alexey"]
[Result "1/2-1/2"]
[WhiteElo "2650"]
[BlackElo "2640"]
[Annotator "TA"]
[PlyCount "81"]
[EventDate "2019.08.10"]
[EventType "tourn"]
[EventCountry "RUS"]
[SourceTitle "playchess.com"]
[Source "ChessBase"]
[SourceQuality "1"]

{[%evp 12,81,12,11,20,17,24,27,26,20,18,21,22,19,37,12,32,30,28,29,30,32,28,31,96,44,40,58,42,66,93,96,159,8,13,1,5,4,8,0,0,0,0,0,0,0,0,0,0,0,81,68,91,83,86,71,114,18,181,0,0,0,0,0,0,0,0,0,0,0,0,0]} 1. e4 c5 2. Nf3 d6 3. d4 cxd4 4. Nxd4 Nf6 5. Nc3 a6 6. h3 e5 7. Nde2 h5 {B90: Sicilian Najdorf: Unusual White 6th moves, 6 Be3 Ng4 and 6 Be3 e5} 8. g3 Be7 9. Bg2 b5 {White has an edge.} 10. Nd5 Nxd5 11. Qxd5 Ra7 12. Be3 Rb7 13. a3 $146 ({Predecessor:} 13. O-O Nd7 14. Qd2 O-O 15. Nc3 {0-1 (66) Edouard,R (2680)-Nepomniachtchi,I (2714) Tromsoe 2014}) 13... Qc7 14. Qd2 Nd7 15. Nc3 $36 {[%mdl 2048] Black is under pressure.} Nf6 16. Bg5 Be6 17. f4 Ng8 (17... Qc5 $14) 18. h4 (18. f5 $16 Bxg5 19. Qxg5) 18... f6 $14 19. f5 fxg5 20. fxe6 g4 21. O-O Qc8 ({Black should try} 21... Nf6) 22. a4 $2 (22. Rf7 $1 $16) 22... Nf6 $11 23. axb5 axb5 24. Nd5 O-O 25. Nxf6+ Bxf6 26. Qxd6 Rd8 27. Qa6 Re7 28. c3 b4 29. cxb4 Rxe6 30. Qa2 Qc6 (30... Kh7 $11 {remains equal.}) 31. b5 $16 Qb6+ 32. Kh2 Kh7 33. Qc4 {aiming for Ra6.} Re7 {[#]} 34. Ra6 (34. Rf5 $1 $16 {Strongly threatening Ra6.} Rb7 35. Rxh5+ (35. Ra6 Qxb5 36. Qe6 Qe8 $16) 35... Kg6 36. Rxe5 Bxe5 37. Ra6) 34... Qd4 $2 {[#]} (34... Qe3 $11) 35. b3 $2 (35. Qc6 $1 $18 Qd7 36. Rxf6 gxf6 37. Qxf6) 35... Qe3 $11 {White must now prevent ...Bxh4!The position is equal.} 36. Rf5 Rd1 $1 {[%csl Gd1][%cal Re3g1]} 37. Rxh5+ Kg6 {[%csl Gd1][%cal Re3g1]} 38. Rg5+ $1 {[%mdl 64] Double Attack} Kh7 $1 {[%csl Gd1][%cal Re3g1]} (38... Kh6 $2 39. Rxg4 Rd2 40. Kh3 $18) 39. Rh5+ $1 ({Avoid the trap} 39. Rxg4 $2 Rc1 $19) 39... Kg6 {[%csl Gd1][%cal Re3g1]} 40. Rg5+ $1 {[%mdl 64] Double Attack} Kh7 $1 {[%csl Gd1][%cal Re3g1]} ({But not} 40... Kh6 $2 41. Rxg4 Rd2 42. Kh3 $18) 41. Rh5+ $1 {Accuracy: White = 61%, Black = 59%.} ({Don't blunder} 41. Rxg4 $2 Rc1 $19) 1/2-1/2

[Event "72nd RUS-ch Superfinal 2019"]
[Site "Izhevsk"]
[Date "2019.08.20"]
[Round "9.1"]
[White "Sarana, Alexey"]
[Black "Inarkiev, Ernesto"]
[Result "0-1"]
[WhiteElo "2640"]
[BlackElo "2693"]
[Annotator "TA"]
[PlyCount "84"]
[EventDate "2019.08.10"]
[EventType "tourn"]
[EventCountry "RUS"]
[SourceTitle "playchess.com"]
[Source "ChessBase"]
[SourceQuality "1"]

{[%evp 15,144,17,22,16,34,14,24,-3,-1,-4,0,-11,-11,-11,-6,-5,-7,-26,-19,-23,-24,-24,-18,-27,-33,-20,-33,-71,-72,-72,-72,-72,-72,-94,-60,-72,-72,-72,-67,-72,-72,-72,-67,-67,-60,-60,0,-67,-67,-68,-67,-67,-67,-68,-68,-68,-68,-68,-68,-68,-36,-55,-55,-55,-55,-94,-94,-94,-94,-94,-94,-94,-94,-94,-94,-94,-94,-94,-94,-94,-94,-94,-94,-94,-94,-94,-94,-94,-94,-94,-94,-94,-94,-94,-94,-94,-94,-94,-94,-94,-94,-94,-94,-94,-94,-94,-94,-94,-94,-94,-94,-94,0,-94,0,0,-8,-8,-8,-8,-8,-29983,-29984,-29984,-29985,-29985,-29986,-29988,-29989,-29989,-29990]} 1. d4 Nf6 2. c4 e6 3. Nf3 d5 4. Nc3 dxc4 5. e4 Bb4 6. Bg5 h6 7. Bxf6 Qxf6 8. Bxc4 c5 9. O-O {Threatens to win with Nb5. D39: Queen's Gambit Declined: Ragozin Defence with 5 Bg5 dxc4} cxd4 10. e5 Qd8 11. Ne4 {White has an edge.} Nc6 12. Bb5 $146 ({Predecessor:} 12. a3 Be7 13. Qe2 O-O 14. Bd3 g6 15. h4 Kg7 16. h5 g5 17. Ned2 Rh8 18. Nh2 b6 19. f4 gxf4 20. Rxf4 Bg5 21. Raf1 Bxf4 22. Rxf4 a5 23. Ng4 {1-0 (23) Akopian,V (2694)-Ivanchuk,V (2741) Astrakhan 2010}) 12... Bd7 13. Bxc6 Bxc6 14. Nxd4 Qd5 15. Nxc6 Qxe4 16. Qa4 bxc6 {[#]} 17. Rfe1 $1 {[%mdl 512]} Qc4 (17... Bxe1 18. Qxe4) 18. a3 O-O 19. Qxb4 Qxb4 20. axb4 $11 {[%mdl 4096] Endgame KRR-KRR} Rfd8 21. Rec1 Rd4 22. Rxc6 Rxb4 23. Rca6 Rxb2 24. g3 Rd8 25. Rxa7 Rdd2 26. Rf1 g5 27. h3 Re2 28. Ra5 Kg7 29. Kg2 Rb3 30. Rfa1 Rbb2 31. Rf1 h5 32. Kf3 Kg6 33. Rc5 Kh6 34. Ra5 Kg7 35. Rc5 Kg6 36. Ra5 Rec2 37. Ra3 Rc4 38. Re3 Kf5 39. Kg2 g4 40. hxg4+ hxg4 41. Rh1 Rcc2 42. Rf1 Re2 {Played: Rc2-d2} 0-1

[Event "72nd RUS-ch Superfinal 2019"]
[Site "Izhevsk"]
[Date "2019.08.20"]
[Round "9.2"]
[White "Dreev, Aleksey"]
[Black "Alekseenko, Kirill"]
[Result "1/2-1/2"]
[WhiteElo "2655"]
[BlackElo "2650"]
[Annotator "TA"]
[PlyCount "90"]
[EventDate "2019.08.10"]
[EventType "tourn"]
[EventCountry "RUS"]
[SourceTitle "playchess.com"]
[Source "ChessBase"]
[SourceQuality "1"]

{[%evp 12,90,0,0,21,15,17,0,39,46,39,14,19,10,18,8,20,25,31,14,21,38,42,25,51,42,44,37,29,0,0,0,0,0,48,55,29,0,0,3,42,11,53,18,16,16,24,0,0,0,0,0,0,0,57,43,34,8,52,31,34,27,21,28,22,31,34,4,1,0,0,0,0,0,0,0,0,0,0,0,0]} 1. d4 Nf6 2. c4 e6 3. Nc3 Bb4 4. Qc2 O-O 5. a3 Bxc3+ 6. Qxc3 d5 7. Nf3 h6 {E36: Nimzo-Indian: Classical: 4...d5 5 a3} (7... dxc4 8. Qxc4 b6 9. Bg5 Ba6 10. Qa4 c5 11. dxc5 bxc5 12. Rc1 Qb6 13. Bxf6 gxf6 14. Rc2 Rd8 15. e3 Bxf1 16. Rxf1 Nc6 {½-½ (26) Lenderman,A (2637)-Sevian,S (2642) Saint Louis 2019}) 8. e3 b6 9. b4 dxc4 10. Bxc4 Bb7 11. Bb2 $146 ({Predecessor:} 11. Be2 Re8 12. O-O Nbd7 13. Bb2 Nd5 14. Qc2 {½-½ (60) Clapp,G (1720)-Whang,K (1280) Parsippany 2001}) 11... a5 12. b5 c6 13. O-O cxb5 14. Bxb5 Qd5 15. Qd3 Nbd7 16. Rfc1 Rfc8 17. Ne1 Bc6 18. Bc4 Qg5 19. Ba6 Rc7 20. Rxc6 {[%mdl 64] Decoy} Rxc6 21. Bb7 {[#]} Rac8 $1 {[%mdl 512]} 22. e4 (22. Bxc8 Rxc8) 22... Nf8 23. Bxc6 Rxc6 24. Nf3 Qf4 25. Re1 Rc8 26. h3 Qc7 27. Rc1 Qb7 28. Rxc8 Qxc8 29. d5 exd5 30. exd5 N8d7 31. d6 Qc5 32. g3 Qd5 (32... h5 $11) 33. Qxd5 $14 Nxd5 {[%mdl 4096] Endgame KBN-KNN} 34. Nd4 h5 35. Kg2 Kf8 36. Nb5 N5f6 37. Kf3 Ke8 $1 38. Ke3 Kd8 39. Bd4 Kc8 {The position is equal.} 40. Bb2 Kb7 (40... Ne8 {is interesting.} 41. Kd4 Kb7 42. Kd5 Ndf6+ 43. Kc4 Kc6) 41. Bxf6 Nxf6 42. Nd4 Kc8 43. Kf4 Kd7 44. Ke5 Ne8 45. Nb5 Kc6 {Accuracy: White = 53%, Black = 66%.} 1/2-1/2